| 000 | 01003nas a2200313 4500 | ||
|---|---|---|---|
| 001 | BR2013008399 | ||
| 003 | BR-BrBNA | ||
| 005 | 20231205123130.0 | ||
| 007 | ta | ||
| 008 | 230509b bl.|||p| |||| 00| 00por d | ||
| 040 |
_aBR-BrBNA _bpor _cBiblioteca Nacional de Agricultura |
||
| 041 | _a(Pt) | ||
| 072 | _aP30; P34; F07 | ||
| 100 | 1 | _aLermen, C. | |
| 100 | 1 | _aFerreira, F.G. | |
| 100 | 1 | _aCamilotti, J. | |
| 100 | 1 | _aRaimundo, K.F. | |
| 100 | 1 | _aUroviche, R.C. | |
| 100 | 1 | _aGuellis, C. | |
| 100 | 1 | _aAlberton, O. | |
| 245 | 1 | _aPotencial de inóculo de fungos micorrízicos arbusculares em solo cultivado com aveia em Umuarama-PR | |
| 650 | _aMICORRIZA VESICULAR ARBUSCULAR | ||
| 650 | _aMICROBIOLOGIA DO SOLO | ||
| 650 | _aSIMBIOSE | ||
| 650 | _aMANEJO DO SOLO | ||
| 773 | 0 |
_tArquivos de Ciências Veterinárias e Zoologia da Unipar (Brazil) _xISSN 1415-8167 _g(Jan-Jun 2012), v. 15(1) p. 49-55 _wBR2013008399 |
|
| 909 |
_a202311 _bLúcia _c55 _dLúcia Elande |
||
| 942 |
_2AGRIS _n0 _cANA |
||
| 999 |
_c232333 _d232333 |
||